书目信息 |
| 题名: |
心理类型
|
|
| 作者: | 荣格 著 ;徐志晶 译 | |
| 分册: | 下 | |
| 出版信息: | 北京 中国水利水电出版社 2020.01 |
|
| 页数: | 284-518页 | |
| 开本: | 21cm | |
| 丛书名: | ||
| 单 册: | ||
| 中图分类: | B84-065 | |
| 科图分类: | ||
| 主题词: | 分析心理学--fen xi xin li xue--研究--瑞士--现代 | |
| 电子资源: | ||
| ISBN: | 978-7-5170-8345-0 | |
| 000 | 01171nam0 2200277 450 | |
| 001 | 202020139448 | |
| 005 | 20200926181346.0 | |
| 010 | @a978-7-5170-8345-0@dCNY44.00 | |
| 100 | @a20200916d2020 em y0chiy50 ea | |
| 101 | 1 | @achi@cger |
| 102 | @aCN@b110000 | |
| 105 | @ay z 000yy | |
| 106 | @ar | |
| 200 | 1 | @a心理类型@Axin li lei xing@h下@d= Psychological types@f(瑞士) 荣格著@g徐志晶译@zeng |
| 210 | @a北京@c中国水利水电出版社@d2020.01 | |
| 215 | @a284-518页@d21cm | |
| 300 | @a文通天下 | |
| 330 | @a本书是荣格的经典之作, 荣格分析心理学的核心理论。荣格认为人的性格取决于个人的8种心理倾向, 不同心理倾向的人表现出来的行为方式差异较大。该书分为2册, 共11章, 内容包括: 古代和中世纪心理类型 ; 席勒有关心理类型的论述 ; 太阳神精神与酒神精神 ; 乔丹的类型问题 ; 诗中的类型问题等。 | |
| 510 | 1 | @aPsychological types@zeng |
| 600 | 1 | @a荣格@Arong ge@g(Jung, Carl Gustav),@f1875-1961@x分析心理学@x研究 |
| 606 | 0 | @a分析心理学@Afen xi xin li xue@x研究@y瑞士@z现代 |
| 690 | @aB84-065@v5 | |
| 701 | 1 | @a荣格@Arong ge@g(Jung, Carl Gustav),@f1875-1961@4著 |
| 702 | 0 | @a徐志晶@Axu zhi jing@4译 |
| 801 | 0 | @aCN@c20200402 |
| 905 | @a河南城建学院图书馆@dB84-065@eR711:2 | |
| 心理类型.下= Psychological types/(瑞士) 荣格著/徐志晶译.-北京:中国水利水电出版社,2020.01 |
| 284-518页;21cm |
| 文通天下 |
| ISBN 978-7-5170-8345-0:CNY44.00 |
| 本书是荣格的经典之作, 荣格分析心理学的核心理论。荣格认为人的性格取决于个人的8种心理倾向, 不同心理倾向的人表现出来的行为方式差异较大。该书分为2册, 共11章, 内容包括: 古代和中世纪心理类型 ; 席勒有关心理类型的论述 ; 太阳神精神与酒神精神 ; 乔丹的类型问题 ; 诗中的类型问题等。 |
| ● |
| 相关链接 |
|
|
|
正题名:心理类型
索取号:B84-065/R711:2
 
预约/预借
| 序号 | 登录号 | 条形码 | 馆藏地/架位号 | 状态 | 备注 |
| 1 | 1489230 | 214892302 | 社科库509/509社科库 35排1列1层/ [索取号:B84-065/R711:2] | 在馆 | |
| 2 | 1489231 | 214892311 | 社科库509/509社科库 35排1列1层/ [索取号:B84-065/R711:2] | 在馆 |